LIBRARY & INFORMATION CENTRE, KCAET, TAVANUR

ONLINE PUBLIC ACCESS CATALOGUE (OPAC)

Introductory economics : Elementary Indian economics, Part II / (Record no. 1919)

MARC details
000 -LEADER
fixed length control field 00566cam a2200205ua 4500
041 ## - LANGUAGE CODE
Language code of text/sound track or separate title eng
082 ## - DEWEY DECIMAL CLASSIFICATION NUMBER
Classification number 330.1
Item number KEW/IN
100 ## - MAIN ENTRY--AUTHOR NAME
Personal name Kewal, Kreshan Dewett .
245 ## - TITLE STATEMENT
Title Introductory economics : Elementary Indian economics, Part II /
250 ## - EDITION STATEMENT
Edition statement 9 /
260 ## - PUBLICATION, DISTRIBUTION, ETC. (IMPRINT)
Place of publication New Delhi :
Name of publisher Premier Publishing Co. ,
Year of publication 1962.
300 ## - PHYSICAL DESCRIPTION
Number of Pages 468 ; .
700 1# - ADDED ENTRY--PERSONAL NAME
Personal name Gurucharan, Singh .
700 1# - ADDED ENTRY--PERSONAL NAME
Personal name Verma, J D .
942 ## - ADDED ENTRY ELEMENTS (KOHA)
Koha item type Books
Holdings
Withdrawn status Lost status Damaged status Home library Current library Date acquired Full call number Accession Number Koha item type
Withdrawn     KAUAET KAUAET 23/10/2019 330.1 KEW/IN 809 Books
Withdrawn     KAUAET Sanskrit University 07/04/2012 330.1 808 Books
free website counter